000
00356nam a2200133Ia 4500
008
100328s9999 xx 000 0 und d
082
_b
51800
100
_a
पाटील विश्वास
245
_a
रणांगण
260
_b
मॅजेस्टिक
630
_a
रणांगण
730
_a
रणांगण
942
_c
BOOK
999
_c
538712
_d
538709